<?xml version="1.0" encoding="UTF-8"?>
<record
    xmlns:xsi="http://www.w3.org/2001/XMLSchema-instance"
    xsi:schemaLocation="http://www.loc.gov/MARC21/slim http://www.loc.gov/standards/marcxml/schema/MARC21slim.xsd"
    xmlns="http://www.loc.gov/MARC21/slim">

  <leader>01917nam0a2200349   4500</leader>
  <controlfield tag="001">RU\NLR\bibl\493626</controlfield>
  <controlfield tag="005">20260407060048.0</controlfield>
  <datafield tag="010" ind1=" " ind2=" ">
    <subfield code="a">5-02-032796-4</subfield>
    <subfield code="9">370</subfield>
  </datafield>
  <datafield tag="021" ind1=" " ind2=" ">
    <subfield code="a">RU</subfield>
    <subfield code="b">2003-67895</subfield>
    <subfield code="9">3349</subfield>
  </datafield>
  <datafield tag="035" ind1=" " ind2=" ">
    <subfield code="a">(NLR Aleph) 000486285</subfield>
  </datafield>
  <datafield tag="090" ind1=" " ind2=" ">
    <subfield code="a">1085270</subfield>
    <subfield code="c">1085270</subfield>
  </datafield>
  <datafield tag="100" ind1=" " ind2=" ">
    <subfield code="a">20040220d2003    |||y0rusy50      ca</subfield>
  </datafield>
  <datafield tag="101" ind1="0" ind2=" ">
    <subfield code="a">rus</subfield>
    <subfield code="d">eng</subfield>
    <subfield code="e">rus</subfield>
    <subfield code="e">eng</subfield>
  </datafield>
  <datafield tag="102" ind1=" " ind2=" ">
    <subfield code="a">RU</subfield>
  </datafield>
  <datafield tag="105" ind1=" " ind2=" ">
    <subfield code="a">ac  |||||||||</subfield>
  </datafield>
  <datafield tag="200" ind1="1" ind2=" ">
    <subfield code="a">&#x413;&#x43B;&#x43E;&#x431;&#x430;&#x43B;&#x44C;&#x43D;&#x44B;&#x435; &#x43F;&#x440;&#x43E;&#x431;&#x43B;&#x435;&#x43C;&#x44B; &#x431;&#x438;&#x43E;&#x441;&#x444;&#x435;&#x440;&#x44B;</subfield>
    <subfield code="d">Global problems of biosphere</subfield>
    <subfield code="e">[&#x421;&#x442;. &#x443;&#x447;&#x430;&#x441;&#x442;&#x43D;&#x438;&#x43A;&#x43E;&#x432; &#x43A;&#x43E;&#x43D;&#x444;. "&#x42F;&#x43D;&#x448;&#x438;&#x43D;. &#x44D;&#x43A;&#x43E;&#x43B;. &#x447;&#x442;&#x435;&#x43D;&#x438;&#x44F;"</subfield>
    <subfield code="f">&#x420;&#x43E;&#x441;. &#x430;&#x43A;&#x430;&#x434;. &#x43D;&#x430;&#x443;&#x43A;. &#x418;&#x43D;-&#x442; &#x43B;&#x438;&#x442;&#x43E;&#x441;&#x444;&#x435;&#x440;&#x44B; &#x43E;&#x43A;&#x440;&#x430;&#x438;&#x43D;. &#x438; &#x432;&#x43D;&#x443;&#x442;&#x440;. &#x43C;&#x43E;&#x440;&#x435;&#x439;, &#x420;&#x43E;&#x441;. &#x44D;&#x43A;&#x43E;&#x43B;. &#x430;&#x43A;&#x430;&#x434;.</subfield>
    <subfield code="g">&#x41E;&#x442;&#x432;. &#x440;&#x435;&#x434;. &#x434;. &#x447;&#x43B;. &#x420;&#x42D;&#x410; &#x434;.&#x444;&#x438;&#x43B;&#x43E;&#x441;.&#x43D;. &#x424;.&#x422;. &#x42F;&#x43D;&#x448;&#x438;&#x43D;&#x430;]</subfield>
    <subfield code="z">eng</subfield>
  </datafield>
  <datafield tag="210" ind1=" " ind2=" ">
    <subfield code="a">&#x41C;.</subfield>
    <subfield code="c">&#x41D;&#x430;&#x443;&#x43A;&#x430;</subfield>
    <subfield code="d">2003</subfield>
  </datafield>
  <datafield tag="215" ind1=" " ind2=" ">
    <subfield code="a">193, [4] &#x441;., [1] &#x43B;. &#x43F;&#x43E;&#x440;&#x442;&#x440;.</subfield>
    <subfield code="c">&#x438;&#x43B;.</subfield>
    <subfield code="d">22</subfield>
  </datafield>
  <datafield tag="225" ind1="1" ind2=" ">
    <subfield code="a">&#x427;&#x442;&#x435;&#x43D;&#x438;&#x44F; &#x43F;&#x430;&#x43C;&#x44F;&#x442;&#x438; &#x430;&#x43A;&#x430;&#x434;&#x435;&#x43C;&#x438;&#x43A;&#x430; &#x410;. &#x41B;. &#x42F;&#x43D;&#x448;&#x438;&#x43D;&#x430;</subfield>
    <subfield code="d">Readings to commemorative academician A.L. Yanshin</subfield>
    <subfield code="v">&#x412;&#x44B;&#x43F;. 1</subfield>
  </datafield>
  <datafield tag="300" ind1=" " ind2=" ">
    <subfield code="a">&#x420;&#x435;&#x437;. &#x43D;&#x430; &#x430;&#x43D;&#x433;&#x43B;. &#x44F;&#x437;.</subfield>
  </datafield>
  <datafield tag="320" ind1=" " ind2=" ">
    <subfield code="a">&#x411;&#x438;&#x431;&#x43B;&#x438;&#x43E;&#x433;&#x440;. &#x432; &#x43A;&#x43E;&#x43D;&#x446;&#x435; &#x441;&#x442;.</subfield>
  </datafield>
  <datafield tag="510" ind1="0" ind2=" ">
    <subfield code="a">Global problems of biosphere</subfield>
    <subfield code="z">eng</subfield>
  </datafield>
  <datafield tag="600" ind1=" " ind2="1">
    <subfield code="a">&#x42F;&#x43D;&#x448;&#x438;&#x43D;</subfield>
    <subfield code="b">&#x410;. &#x41B;.</subfield>
    <subfield code="g">&#x410;&#x43B;&#x435;&#x43A;&#x441;&#x430;&#x43D;&#x434;&#x440; &#x41B;&#x435;&#x43E;&#x43D;&#x438;&#x434;&#x43E;&#x432;&#x438;&#x447;</subfield>
    <subfield code="f">1911-1999</subfield>
    <subfield code="2">psbo</subfield>
  </datafield>
  <datafield tag="606" ind1="0" ind2=" ">
    <subfield code="a">&#x411;&#x438;&#x43E;&#x441;&#x444;&#x435;&#x440;&#x430;</subfield>
    <subfield code="j">&#x421;&#x44A;&#x435;&#x437;&#x434;&#x44B;, &#x441;&#x43E;&#x432;&#x435;&#x449;&#x430;&#x43D;&#x438;&#x44F; &#x438; &#x442;.&#x43F;.</subfield>
    <subfield code="9">922579</subfield>
    <subfield code="3">RU\NLR\auth\6619598</subfield>
  </datafield>
  <datafield tag="686" ind1=" " ind2=" ">
    <subfield code="a">&#x415;081.1&#x44F;431(2)</subfield>
  </datafield>
  <datafield tag="702" ind1=" " ind2="1">
    <subfield code="4">340</subfield>
    <subfield code="7">ca</subfield>
    <subfield code="8">rus</subfield>
    <subfield code="a">&#x42F;&#x43D;&#x448;&#x438;&#x43D;&#x430;</subfield>
    <subfield code="b">&#x424;. &#x422;.</subfield>
    <subfield code="f">1933-2011</subfield>
    <subfield code="g">&#x424;&#x438;&#x434;&#x430;&#x43D; &#x422;&#x430;&#x443;&#x444;&#x438;&#x43A;&#x43E;&#x432;&#x43D;&#x430;</subfield>
    <subfield code="9">185157</subfield>
    <subfield code="3">RU\NLR\AUTH\770185208</subfield>
  </datafield>
  <datafield tag="712" ind1="0" ind2="2">
    <subfield code="4">570</subfield>
    <subfield code="a">&#x418;&#x43D;&#x441;&#x442;&#x438;&#x442;&#x443;&#x442; &#x43B;&#x438;&#x442;&#x43E;&#x441;&#x444;&#x435;&#x440;&#x44B; &#x43E;&#x43A;&#x440;&#x430;&#x438;&#x43D;&#x43D;&#x44B;&#x445; &#x438; &#x432;&#x43D;&#x443;&#x442;&#x440;&#x435;&#x43D;&#x43D;&#x438;&#x445; &#x43C;&#x43E;&#x440;&#x435;&#x439;</subfield>
    <subfield code="c">&#x41C;&#x43E;&#x441;&#x43A;&#x432;&#x430;</subfield>
    <subfield code="3">RU\NLR\AUTH\8810026809</subfield>
    <subfield code="9">551788</subfield>
  </datafield>
  <datafield tag="801" ind1=" " ind2="0">
    <subfield code="a">RU</subfield>
    <subfield code="b">NLR</subfield>
    <subfield code="c">20040220</subfield>
    <subfield code="g">PSBO</subfield>
  </datafield>
  <datafield tag="801" ind1=" " ind2="1">
    <subfield code="a">RU</subfield>
    <subfield code="b">NLR</subfield>
    <subfield code="c">20040220</subfield>
  </datafield>
  <datafield tag="942" ind1=" " ind2=" ">
    <subfield code="c">BOOK</subfield>
  </datafield>
  <datafield tag="980" ind1=" " ind2=" ">
    <subfield code="a">NB</subfield>
  </datafield>
  <datafield tag="995" ind1=" " ind2=" ">
    <subfield code="5">2004-02-20</subfield>
    <subfield code="a">ad</subfield>
    <subfield code="b">NLR01</subfield>
    <subfield code="c">NLR01</subfield>
    <subfield code="e">RF3</subfield>
    <subfield code="f">641012</subfield>
    <subfield code="k">2004-5/997</subfield>
    <subfield code="o">0</subfield>
    <subfield code="r">BOOK</subfield>
    <subfield code="s">20045997_</subfield>
  </datafield>
  <datafield tag="995" ind1=" " ind2=" ">
    <subfield code="5">2004-02-20</subfield>
    <subfield code="a">ad</subfield>
    <subfield code="b">NLR01</subfield>
    <subfield code="c">NLR01</subfield>
    <subfield code="e">RF3</subfield>
    <subfield code="f">641013</subfield>
    <subfield code="k">2004-5/997</subfield>
    <subfield code="o">0</subfield>
    <subfield code="r">BOOK</subfield>
    <subfield code="s">20045997_</subfield>
  </datafield>
</record>
